00352pab a2200121 454500008004000000100002300040245010100063260000900164300001300173362000800186650001700194773001900211180718b2012 xxu||||| |||| 00| 0 eng d aSingh, Binod Kumar aA summary of the literature on geography of disability: Current status and priorities for action c2012 ap.36-43. aJun aDisabilities aSocial Profile